Library Banner

Anfasul aarefeen (Urdu) (Record no. 61344)

MARC details
000 -LEADER
fixed length control field 00488nam a2200181Ia 4500
001 - CONTROL NUMBER
control field 60877
008 - FIXED-LENGTH DATA ELEMENTS--GENERAL INFORMATION
fixed length control field 141120s9999 xx 000 0 und d
020 ## - INTERNATIONAL STANDARD BOOK NUMBER
International Standard Book Number NA
040 ## - CATALOGING SOURCE
Transcribing agency PK-LaUMT
082 ## - DEWEY DECIMAL CLASSIFICATION NUMBER
Classification number 297.4
Item number SHA-A
100 ## - MAIN ENTRY--PERSONAL NAME
Personal name Shah Wali Allah Mohaddis Dehlvi
245 ## - TITLE STATEMENT
Title Anfasul aarefeen (Urdu)
Statement of responsibility, etc Shah Wali Allah Mohaddis Dehlvi|Muhammad Farooq
260 ## - PUBLICATION, DISTRIBUTION, ETC. (IMPRINT)
Place of publication, distribution, etc Lahore,Pakistan:
Name of publisher, distributor, etc Farid Book Stall,
Date of publication, distribution, etc 2007
300 ## - PHYSICAL DESCRIPTION
Extent 397 p.
546 ## - LANGUAGE NOTE
Language note UR
700 ## - ADDED ENTRY--PERSONAL NAME
Personal name Muhammad Farooq
942 ## - ADDED ENTRY ELEMENTS (KOHA)
Koha item type Books
Holdings
Withdrawn status Lost status Damaged status Not for loan Home library Current library Date acquired Total Checkouts Full call number Barcode Date last seen Date checked out Price effective from Koha item type
        UMT Main Campus UMT Main Campus 2014-11-17 1 297.4 SHA-A 82338 2016-12-16 2016-12-01 2014-11-20 Books